| 000 -LEADER |
| fixed length control field |
00939nam a2200289 a 4500 |
| 001 - CONTROL NUMBER |
| control field |
bl2010026410 |
| 003 - CONTROL NUMBER IDENTIFIER |
| control field |
OSt |
| 005 - DATE AND TIME OF LATEST TRANSACTION |
| control field |
20190815145657.0 |
| 008 - FIXED-LENGTH DATA ELEMENTS--GENERAL INFORMATION |
| fixed length control field |
100927s2010 nyuab 001 0aeng d |
| 020 ## - INTERNATIONAL STANDARD BOOK NUMBER |
| International Standard Book Number |
9781616084073 |
| 040 ## - CATALOGING SOURCE |
| Original cataloging agency |
NjBwBT |
| Transcribing agency |
NjBwBT |
| 082 04 - DEWEY DECIMAL CLASSIFICATION NUMBER |
| Classification number |
940.54 URQ |
| Edition number |
22 |
| 091 ## - MICROFILM SHELF LOCATION (AM) [OBSOLETE] |
| Microfilm shelf location |
B |
| 100 1# - MAIN ENTRY--PERSONAL NAME |
| Personal name |
Urquhart, Alistair. |
| Relator term |
author |
| 245 14 - TITLE STATEMENT |
| Title |
The forgotten Highlander : |
| Remainder of title |
an incredible WWII story of survival in the Pacific / |
| Statement of responsibility, etc. |
Alistair Urquhart. |
| 260 ## - PUBLICATION, DISTRIBUTION, ETC. |
| Place of publication, distribution, etc. |
New York : |
| Name of publisher, distributor, etc. |
Skyhorse Pub., |
| Date of publication, distribution, etc. |
c2011. |
| 300 ## - PHYSICAL DESCRIPTION |
| Extent |
312 p. : |
| Other physical details |
ill., map ; |
| Dimensions |
24 cm. |
| 500 ## - GENERAL NOTE |
| General note |
"A Herman Graf book." |
| 500 ## - GENERAL NOTE |
| General note |
Includes index. |
| 610 10 - SUBJECT ADDED ENTRY--CORPORATE NAME |
| Corporate name or jurisdiction name as entry element |
Great Britain. |
| Subordinate unit |
Army. |
| -- |
Gordon Highlanders |
| Form subdivision |
Biography. |
| 650 #0 - SUBJECT ADDED ENTRY--TOPICAL TERM |
| Topical term or geographic name entry element |
World War, 1939-1945 |
| General subdivision |
Prisoners and prisons, Japanese. |
| 650 #0 - SUBJECT ADDED ENTRY--TOPICAL TERM |
| Topical term or geographic name entry element |
Prisoners of war |
| Geographic subdivision |
Japan. |
| 650 #0 - SUBJECT ADDED ENTRY--TOPICAL TERM |
| Topical term or geographic name entry element |
World War, 1939-1945 |
| Form subdivision |
Personal narratives, British. |
| 902 ## - LOCAL DATA ELEMENT B, LDB (RLIN) |
| a |
leased |
| 908 14 - PUT COMMAND PARAMETER (RLIN) |
| Put command parameter |
DA69.3.U76 |
| 942 ## - ADDED ENTRY ELEMENTS (KOHA) |
| Source of classification or shelving scheme |
|
| Koha item type |
Books - Non Ficton |